000 00327nam a2200097Ia 4500
008 220120s9999||||xx |||||||||||||| ||und||
100 _aHarshitha, M.T, Priyanka, B.R, Varija, B.B and Rakesh, M.C
_912322
245 0 _aFramework using AD-HOC
260 _aCoorg Institute of Technology
_bPonnampet
_c2011
650 _aCOMPUTER SCIENCE
999 _c137908
_d137908